000 00523nam a22001817a 4500
005 20251108170027.0
008 250721s1982 xx 000 0 ara d
082 1 4 _aط/ق/عبد
100 1 _aقلعه جي، عبد الفتاح رواس
245 1 0 _aالأعرج النبيل /
264 1 _aبيروت :
_bدار النفائس،
_c1982.
300 _a16ص
490 0 _aأحسن القصص ؛ 6
650 1 7 _aالأدب العربي
650 1 7 _aالقصص العربيه
942 _2ddc
_cBK
999 _c37785
_d37785